000 00771nmc a2200277 a 4500
003 AR-BaBNM
005 20251128210731.0
008 096120s1992 ||||||||||||||000 | spa||
020 _a84-460-0151-9
040 _cAR-BaBNM
100 1 _aCampuzano Ruiz, Antonio
245 1 0 _aTecnologías audiovisuales y educación
_buna visión desde la práctica
260 _aMadrid
_bAkal Ediciones
_c1992
300 0 _a174 p.
490 0 _aBiblioteca de aula
_v10
500 0 _aDonación Fainholc
650 4 _aTECNOLOGIA EDUCATIVA
650 4 _aMETODOS AUDIOVISUALES
650 4 _aDIDACTICA
650 4 _aCURRICULO
650 4 _aACCESO A LA INFORMACION
653 _aINFORMACION EDUCATIVA
653 _aUNIDADES DIDACTICAS
942 _cBK
998 _cme-solo cat
999 _c16659
_d16659